House of heroes and other stories /

Bibliographic Details
Main Author: La Chapelle, Mary
Format: Book
Language:English
Published: New York : Crown, 1988.
Edition:1st ed.
Subjects:

MARC

Tag First Indicator Second Indicator Subfields
LEADER 00000cam a22000008a 4500
001 in00000033444
005 20151007060626.0
008 870724s1988 nyu 00011 eng
010 |a  87021418  
020 |a 0517567822 :  |c $15.95 
035 |a (OCoLC)17208271 
035 |9 AAC1310AM 
040 |a DLC  |c DLC  |d TXA  |d UtOrBLW 
043 |a n-usc-- 
049 |a TXAM  |c [A11690522] 
050 0 0 |a PS3562.A13  |b H68 1988 
082 0 |a 813/.54  |2 19 
100 1 |a La Chapelle, Mary. 
245 1 0 |a House of heroes and other stories /  |c Mary La Chapelle. 
250 |a 1st ed. 
264 1 |a New York :  |b Crown,  |c 1988. 
300 |a 243 pages 
336 |a text  |b txt  |2 rdacontent 
337 |a unmediated  |b n  |2 rdamedia 
338 |a volume  |b nc  |2 rdacarrier 
651 0 |a Great Lakes Region (North America)  |x Fiction. 
999 |a MARS 
999 f f |s 06148341-92d8-3ce9-9791-28b370043317  |i 347d755e-33c1-35b7-a534-66ad9a082385  |t 0 
952 f f |p ric  |a Texas A&M University  |b Rellis Campus  |c Joint Library Facility  |s JLF  |d Remote Storage  |t 0  |e PS3562.A13 H68 1988  |h Library of Congress classification  |i unmediated -- volume  |m A14811690522 
998 f f |a PS3562.A13 H68 1988  |t 0  |l Remote Storage